000 00690nam a2200205Ia 4500
003 GCL
008 140319s9999 xx 000 0 ara d
040 _aGCL /
_cGCL
082 0 4 _a398.2
_bم ب
100 1 _aمحمد جبريل
245 1 0 _aالبطل فى الوجدان الشعبى /
_cمحمد جبريل
250 _aالاولى
260 _aالقاهرة :
_bالهيئة العامة لقصور الثقافة ،
_c2000
300 _a290 ص ؛
_c20 سم
490 _aمكتبة الدراسات الشعبية
_v53
650 0 4 _aالادب الشعبى
650 0 4 _aالقصص الشعبية
650 0 4 _aالشخصية فى الادب الشعبى
942 _2ddc
_cBK
999 _c9542
_d9542